Planning for water and waste in hot countries : proceedings [of the] Third International Conference on Environmental Health Engineering in Hot Climates & Developing Countries, Loughborough University of Technology Department of Civil Engineering, 26th-28th September 1976 /

Guardat en:
Dades bibliogràfiques
Autor corporatiu: International Conference on Environmental Health Engineering in Hot Climates and Developing Countries Loughborough University of Technology, Loughborough University of Technology. Water and Waste Engineering for Developing Countries Group
Altres autors: Pickford, John, 1924-
Format: Actes de congresos Llibre
Idioma:English
Publicat: Loughborough (Department of Civil Engineering, [Loughborough] University of Technology, Loughborough, Leics. LE11 3TU) : Water and Waste Engineering for Developing Countries Group, 1977.
Matèries:
LEADER 01696cam a2200289 a 4500
001 c000391959
003 CARM
005 20121106134107.0
008 121106s1977 enka 100 0 eng d
015 |a B7721208 
019 1 |a 3438973  |5 LACONCORD2021 
035 |a (OCoLC)16374426  |5 LACONCORD2021 
040 |a BNB  |b eng  |c BNB  |d ABN:1 
050 0 0 |a TD5 
082 0 4 |a 628.0913  |2 18 
111 2 |a International Conference on Environmental Health Engineering in Hot Climates and Developing Countries  |d (1976 :  |c Loughborough University of Technology) 
245 1 0 |a Planning for water and waste in hot countries :  |b proceedings [of the] Third International Conference on Environmental Health Engineering in Hot Climates & Developing Countries, Loughborough University of Technology Department of Civil Engineering, 26th-28th September 1976 /  |c edited by John Pickford. 
260 |a Loughborough (Department of Civil Engineering, [Loughborough] University of Technology, Loughborough, Leics. LE11 3TU) :  |b Water and Waste Engineering for Developing Countries Group,  |c 1977. 
300 |a 110 p. :  |b ill. ;  |c 30cm. 
650 0 |a Sanitary engineering  |x Tropical conditions  |x Congresses. 
650 0 |a Sanitary engineering  |z Developing countries  |x Congresses. 
650 7 |a Sanitary engineering. Planning. Developing countries. Tropical regions. Conference proceedings.  |2 precis 
700 1 |a Pickford, John,  |d 1924- 
710 2 |a Loughborough University of Technology.  |b Water and Waste Engineering for Developing Countries Group 
852 8 |b CARM  |p 0589151  |f BK 
999 f f |i 412ec439-75ee-523e-bf8b-39fb5a361297  |s c7209840-c9e8-5f7d-8df2-c0789cf0be7a 
952 f f |p Can circulate  |a CAVAL  |b CAVAL  |c CAVAL  |d CARM 1 Store  |i book  |m 0589151